Statistics for Random Cities on the Map by Letter - P

Click here to take the quiz!

General Stats

  • This quiz has been taken 623 times
  • The average score is 6 of 8

Answers on the Map

Answers color-coded by a green-red scale on the quiz's map according to % correct below.
 

Answer Stats

City% Correct
Panama City
100%
Paris
98%
Perth
95%
Portland
93%
Pretoria
93%
Pyongyang
93%
Philadelphia
90%
Prague
90%
Phoenix
89%
Port-au-Prince
82%
Pristina
81%
Palermo
80%
Phnom Penh
77%
Pittsburgh
72%
Porto Alegre
61%
Porto-Novo
61%
Pune
54%
Puebla
49%
Port Elizabeth
48%
Port Harcourt
44%
Patna
35%

Score Distribution

Percentile by Number Answered

Percent of People with Each Score

Your Score History

You have not taken this quiz